| 000 | 00532nam a2200217Ia 4500 | ||
|---|---|---|---|
| 003 | OSt | ||
| 005 | 20220928141102.0 | ||
| 006 | a|||||r|||| 00| 0 | ||
| 007 | ta | ||
| 008 | 220927b |||||||| |||| 00| 0 eng d | ||
| 024 | _a13604 | ||
| 037 | _cTextual | ||
| 040 |
_aSDCL _cSDCL _beng |
||
| 041 |
_2eng _aeng |
||
| 082 | _aO-,6M29w, M2 | ||
| 100 |
_aTaylor Anne _9499042 |
||
| 245 | 0 | _aLaurence oliphant1829-1888. | |
| 260 | _c1982 | ||
| 942 |
_hO-,6M29w, M2 _cTEXL _2CC |
||
| 999 |
_c816013 _d816013 |
||